000 00752cam a2200205 i 4500
005 20260202095306.0
008 250721s2009 jo gr 000 0 ara d
020 _a9957075569
082 1 4 _a372.21
_bص ا ل
100 1 _aصالح، ماجدة محمود
_eمؤلف.
245 1 0 _aتنمية المفاهيم العلمية والرياضية في الطفولة المبكرة /
_cتأليف د. ماجدة محمود صالح.
250 _aالطبعة الأولى.
264 3 1 _aعمان :
_bدار الفكر،
_c2009.
300 _a420 صفحة.
650 1 7 _aطرق التعلم.
650 1 7 _aالتعليم قبل المدرسة.
650 1 7 _aرعايه الطفولة.
942 _2ddc
_cBK
999 _c6672
_d6672